Album pintoresco de la República Mexicana. (Record no. 8315)

MARC details
000 -CABECERA
campo de control de longitud fija 00934nam a2200277 a 4500
001 - NÚMERO DE CONTROL
campo de control BRCA_8656
005 - FECHA Y HORA DE LA ÚLTIMA TRANSACCIÓN
campo de control 20190320210346.0
008 - DATOS DE LONGITUD FIJA--INFORMACIÓN GENERAL
campo de control de longitud fija 051016s1800----mx-a######---#000-0#spa-#
041 ## - CÓDIGO DE LENGUA
Código de lengua del texto/banda sonora o título independiente spa
044 ## - CÓDIGO DEL PAÍS DE LA ENTIDAD EDITORA/PRODUCTORA
Código MARC del país mx
050 #4 - SIGNATURA TOPOGRÁFICA DE LA BIBLIOTECA DEL CONGRESO
Número de clasificación NE2459 .M46
Número de documento/Ítem .A53
-- 184-?
245 10 - MENCIÓN DE TÍTULO
Título Album pintoresco de la República Mexicana.
260 ## - PUBLICACIÓN, DISTRIBUCIÓN, ETC.
Lugar de publicación, distribución, etc. México
Nombre del editor, distribuidor, etc. Estamperia de Julio Michaud
Fecha de publicación, distribución, etc. 184-?
300 ## - DESCRIPCIÓN FÍSICA
Extensión 1 vol. (sin paginación)
Otras características físicas il.
Dimensiones 34 cm
500 ## - NOTA GENERAL
Nota general Fondo antiguo
500 ## - NOTA GENERAL
Nota general Se encuentra en Caja Fuerte
500 ## - NOTA GENERAL
Nota general W-19/B-90/R-31
500 ## - NOTA GENERAL
Nota general Incluye 27 láminas con grabados a color
500 ## - NOTA GENERAL
Nota general Estado físico: páginas manchadas
500 ## - NOTA GENERAL
Nota general Nota de encuadernación: tela, título en la tapa
506 0# - NOTA DE RESTRICCIONES AL ACCESO
Limitaciones de acceso Fondo reservado: para su consulta es necesario credencial de usuario y carta de motivos
650 14 - PUNTO DE ACCESO ADICIONAL DE MATERIA--TÉRMINO DE MATERIA
Término de materia o nombre geográfico como elemento de entrada Indumentaria
Subdivisión geográfica México
9 (RLIN) 808
650 14 - PUNTO DE ACCESO ADICIONAL DE MATERIA--TÉRMINO DE MATERIA
Término de materia o nombre geográfico como elemento de entrada Litografía
Término indicativo de función/relación Impresión
Subdivisión geográfica México
9 (RLIN) 1785
902 ## - CATALOGADOR
Iniciales LAR
942 ## - ELEMENTOS DE PUNTO DE ACCESO ADICIONAL (KOHA)
Fuente del sistema de clasificación o colocación Library of Congress Classification
Tipo de ítem Koha Libros
Holdings
Estado de retiro Estado de pérdida Estado dañado No para préstamo Localización permanente Ubicación/localización actual Fecha de adquisición Total de préstamos Signatura topográfica completa Código de barras Fecha visto por última vez Precio válido a partir de Tipo de ítem Koha
El ejemplar forma parte de la colección y puede ser consultado según las políticas vigentes.       Biblioteca del Museo Franz Mayer (Rogerio Casas-Alatriste) Biblioteca del Museo Franz Mayer (Rogerio Casas-Alatriste) 05/10/2016   NE2459 .M46 .A53 184-? LAR00158 22/03/2019 22/03/2019 Libros